000
00311nam a2200109 a 4500
005
20141022141959.0
008
120306s19uu xx 00 eng d
050
_a
CD-ROM
_b
M58 2000
245
_a
MCSE training kit :
_b
microsoft windows 2000 advanced server clustering services.
260
_c
2000.
942
_c
AVM
999
_c
276133
_d
276133